Conductas protectoras del ambiente. Teora̕, investigacin̤ y estrategias de intervencin̤ Vc̕tor Corral Verdugo

Bibliographic Details
Main Author: Corral Verdugo, Victor
Format: eBook
Language:Spanish
Published: Mx̌ico D.F: Plaza y Valdš Editores, 2009
Subjects:
Online Access:Acceso restringido

MARC

LEADER 00000nam a22000007a 4500
005 20130809131635.0
007 cr|||| ||||
008 130809s2009 mx |||||s|||| 00||0 spa d
020 |a 978-607-402-011-3 
035 |a 11442 
040 |a vLex 
090 |c 4467  |d 4467 
100 1 |a Corral Verdugo, Victor 
245 1 0 |a Conductas protectoras del ambiente. Teora̕, investigacin̤ y estrategias de intervencin̤  |h [Recurso electrn̤ico] /  |b Vc̕tor Corral Verdugo  
256 |a Servicio en ln̕ea 
260 |a Mx̌ico D.F:  |b Plaza y Valdš Editores,  |c 2009 
300 |a 1 recurso electrn̤ico 
506 1 |a Contenido solo disponible en los productos indicados  |d vLex Global  |d vLex Global (Academic Edition, excluding Law Schools)  |d vLex Global (U.S. Academic Edition, Law Schools)  |d vLex Global (U.S. Academic Edition, excluding Law Schools)  |d vLex Global (Academic Edition, Law Schools) 
650 0 4 |a Ciencias naturales  |z Mx̌ico 
650 0 4 |a Medio ambiente  |z Mx̌ico 
740 0 |a vLex Libros (Servicio en ln̕ea) 
856 4 0 |u http://vlex.com/source/conductas-protectoras-ambiente-teoria-investigacion-estrategias-intervencion-11442  |z Acceso restringido 
942 |c BOOK 
999 0 |a  Environnement